Bytový dom

Saved in:
Bibliographic Details
Main Author: Vincentová, Veronika (Author)
Other Authors: Binek, Kamil (Thesis advisor)
Format: Manuscript Book
Language:Slovak
Published: 2017
Subjects:
Online Access:http://is.stuba.sk/zp/portal_zp.pl?podrobnosti=109005
https://opac.crzp.sk/?fn=detailBiblioForm&sid=82D5162064037F62A49883F7A2EE
Tags: Add Tag
No Tags, Be the first to tag this record!

MARC

LEADER 00000ntm a22000003a 4500
001 stuzp62925
003 SK-STU
005 20230612152012.8
007 ta
008 150427s2015----xo-----f-mn---000-0-slo-d
040 |a STU  |b slo 
041 0 |a slo 
100 1 |a Vincentová, Veronika  |u 010180  |4 aut  |U SvF Stavebná fakulta  |T SvF Katedra konštrukcií pozemných stavieb  |X 63455  |U V180  |Y 18  |7 63455 
242 0 1 |a Residential house  |y eng 
245 1 0 |a Bytový dom 
260 |c 2017 
650 4 |a bytový dom  |2 slo 
650 4 |a projekt na realizáciu  |2 slo 
650 4 |a záverečná práca  |2 slo 
650 4 |a bakalárska práca  |2 slo 
650 4 |a Hliník nad Hronom  |2 slo 
650 4 |a project for realization  |2 eng 
650 4 |a final thesis  |2 eng 
650 4 |a bachelor′s thesis  |2 eng 
650 4 |a Hliník nad Hronom  |2 eng 
650 4 |a apartment house  |2 eng 
700 1 |a Binek, Kamil  |u 010180  |k Z3  |4 ths  |U SvF Stavebná fakulta  |T SvF Katedra konštrukcií pozemných stavieb  |X 57720  |U V180  |Y 18  |7 A000057720 
856 4 |u http://is.stuba.sk/zp/portal_zp.pl?podrobnosti=109005 
856 4 |u https://opac.crzp.sk/?fn=detailBiblioForm&sid=82D5162064037F62A49883F7A2EE